这些校区属于哪个985大学 Which 985 University do these Campuses Belong to - Statistics

General Stats
  • This quiz has been taken 49 times
  • The average score is 42 of 102
Answer Stats
Hint Answer % Correct
威海校区 哈尔滨工业大学/山东大学
93%
趵突泉校区 山东大学
86%
仙林校区 南京大学
77%
思明校区 厦门大学
77%
闵行校区 上海交通大学/华东师范大学
77%
苏州校区 南京大学/东南大学
75%
徐汇校区 上海交通大学
75%
青岛校区 山东大学
75%
深圳校区 哈尔滨工业大学/中山大学
75%
雁塔校区 西安交通大学
73%
紫金港校区 浙江大学
73%
鼓楼校区 南京大学
70%
崂山校区 中国海洋大学
70%
嘉定校区 同济大学
70%
漳州校区 厦门大学
68%
珠海校区 北京师范大学/中山大学
68%
津南校区 南开大学
66%
湘雅新校区 中南大学
66%
翔安校区 厦门大学
64%
华西校区 四川大学
64%
海宁国际校区 浙江大学
61%
舟山校区 浙江大学
61%
普陀校区 华东师范大学
59%
沪西校区 同济大学
59%
西海岸校区 中国海洋大学
57%
盘锦校区 大连理工大学
57%
沪北校区 同济大学
57%
浦口校区 南京大学
57%
黄浦/卢湾/重庆南路校区 上海交通大学
57%
之江校区 浙江大学
55%
中关村校区 中国人民大学
52%
沙河校区 北京航空航天大学/电子科技大学
52%
城关校区 兰州大学
50%
广州国际校区 华南理工大学
50%
长安校区 西北工业大学
50%
中关村/魏公村校区 北京理工大学
50%
榆中校区 兰州大学
48%
北洋园校区 天津大学
48%
沈河校区 东北大学
48%
新燕园校区 北京大学
48%
良乡校区 北京理工大学
45%
长宁校区 上海交通大学
45%
张江校区 复旦大学
45%
通州校区 中国人民大学
43%
四牌楼校区 东南大学
43%
九龙湖校区 东南大学
43%
浑南校区 东北大学
41%
江湾校区 复旦大学
41%
千佛山校区 山东大学
41%
西溪校区 浙江大学
41%
四平路校区 同济大学
41%
邯郸校区 复旦大学
39%
七宝校区 上海交通大学
39%
大学城校区 华南理工大学
39%
海淀校区 中央民族大学
39%
丰台校区 中央民族大学
36%
卫津路校区 天津大学
36%
前卫南/中心校区 吉林大学
36%
前卫北校区 吉林大学
36%
曲江校区 西安交通大学
36%
玉泉校区 浙江大学
32%
江安校区 四川大学
32%
清水河校区 电子科技大学
32%
鱼山校区 中国海洋大学
30%
兴庆校区 西安交通大学
30%
两江校区 重庆大学
30%
创新港校区 西安交通大学
30%
望江校区 四川大学
30%
泰达校区 南开大学
30%
五山校区 华南理工大学
27%
北校区 中山大学/湖南大学/西北农林科技大学
27%
学院路校区 北京航空航天大学
27%
南校区 中山大学/湖南大学/中南大学/西北农林科技大学
27%
八里台校区 南开大学
27%
枫林校区 复旦大学
25%
东校区 中国科学技术大学/华中科技大学/中国农业大学/中山大学
25%
浮山校区 中国海洋大学
23%
虎溪校区 重庆大学
23%
南湖校区 吉林大学/东北大学
20%
西校区 中国科学技术大学/中国农业大学
20%
中心校区 山东大学
18%
A校区 重庆大学
18%
华家池校区 浙江大学
18%
铁道校区 中南大学
18%
朝阳校区 吉林大学
18%
兴隆山校区 山东大学
16%
新民校区 吉林大学
16%
C校区 重庆大学
16%
南岭校区 吉林大学
16%
洪家楼校区 山东大学
16%
开发区校区 大连理工大学
16%
和平校区 吉林大学
14%
B校区 重庆大学
14%
丁家桥校区 东南大学
11%
中校区 中国科学技术大学
11%
软件园校区 山东大学
9%
新校区 中南大学
7%
市内校区 大连理工大学
7%
九里堤校区 电子科技大学
5%
友谊校区 西北工业大学
5%
高新校区 中国科学技术大学
5%
海南校区 中央民族大学
5%
No matching quizzes found
Score Distribution
Percent of People with Each Score
Percentile by Number Answered
Your Score History
You have not taken this quiz